000 00280 a2200085 4500
100 1 _aVorob'ev, E.A..
_eAutor
245 0 _aRascet proizvodstvennych dopuskov ustrojstv SVC /
_cVorob'ev E.A..
710 2 _aSudostroenie.
_eWydawca
_4pbl
260 _aLeningrad :
_bSudostroenie,
_c1980.
300 _a148 s.;
_c24 cm.
999 _c13713
_d13713